1058 1909 1916 1556 1718 1056 1422 1848 1479 1514 1876 1955 1015 1369 1564 1411 1692 1400 1084 1017 1167 1738 1125 1116 1894 1876 1651 1835 1172 1970 1017 1359 1699 1316 1716 1586 1407 1472 1909 1135 1219 1572 1842 1536 1610 1751 1885 1336 1869 1367 1987 1467 1277 1926 1529 1988 1072 1618 1967 1928 1658 1203 1788 1126 1192 1241 1447 1572 1649 1909 1558 1926 1456 1544 1697 1999 1149 1898 1743 1594 1517 1114 1544 1688 1183 1370 1494 1371 1839 1372 1386 1890 1573 1472 1811 1250 1902 1292 1050 BCNSPRNW ULIB Ver.6.0+V

เปลี่ยนเป็นภาษาไทย

Change to English
 แสดงรายละเอียดบรรณานุกรม
  กลับหน้าหลัก

Brief Record : Get Marc (ISO 2709) : E-mail record : QR code < ปิดหน้าต่าง
LEADER : 00000nam 2200000uu 4500
001    13399127045
003     ULIB
008    020711s2562 th a 000 0 tha d
020    ^a9786164671171
060    ^aWS103^bต-ล
100    ^aตุ๊บปอง
245    ^aลูกลิงไม่แปรงฟัน ชุดลูกลิงเรียนรู้
250    ^aพิมพ์ครั้งที่ 1
260    ^aกรุงเทพฯ :^bบริษัท แปลน ฟอร์ คิดส์ จำกัด,^c2562
300    ^a16 หน้า;^b21 ซม.
650    ^aเด็ก^xการเรียนการสอน
945    ^p115^l0^i006233
999    ^aประนอม เกษจรัล
รายการนี้ยังไม่มีแท็ก
คุณยังไม่ได้ล็อกอิน คุณสามารถมีกิจกรรมร่วมกับเว็บไซต์ได้ แต่ต้องล็อกอินก่อน ::
  ล็อกอิน

รายการสื่อสารสนเทศ

ลำดับที่ ประเภท เลขเรียก/บาร์โค้ด สถานที่ สถานะ
1. วิทยาศาสตร์การแพทย์ และสุขภาพ
วิทยาศาสตร์การแพทย์ และสุขภาพ
WS103 ต-ล ฉ.1 
  Barcode: 006233
ห้องสมุดวิทยาเขตสวรรค์ประชารักษ์
►หนังสือทั่วไป
บนชั้น

รายการใกล้เคียง
    ผู้แต่ง [ตุ๊บปอง]

BibComment


ยังไม่เคยถูกคอมเมนท์

คอมเมนท์ทรัพยากรรายการนี้
  คอมเมนท์: ลูกลิงไม่แปรงฟัน..


 Copyright 2026. Bcnsprnw @Library